All Asian Countries: Scrambled - Statistics

General Stats
  • This quiz has been taken 91 times
  • The average score is 42 of 48
Answer Stats
Hint Hint Hint Country % Correct
am 480.5 125.0 Armenia
94%
az 487.6 125.0 Azerbaijan
94%
cn 615.0 140.9 China
94%
in 556 185.9 India
92%
iq 478.8 149.9 Iraq
92%
kw 487.0 162.9 Kuwait
92%
np 569.8 166.5 Nepal
92%
om 509.33 187.2 Oman
92%
af 528.0 149.2 Afghanistan
90%
bh 494.3 174.0 Bahrain
90%
bn 638.6 246.1 Brunei
90%
ge 479 120 Georgia
90%
jp 693.3 140.0 Japan
90%
kz 533.0 100.0 Kazakhstan
90%
mn 614.2 104.1 Mongolia
90%
qa 495.7 176.2 Qatar
90%
bd 583.0 181.8 Bangladesh
89%
tl 664.3 290.8 East Timor
89%
ir 501.3 152.5 Iran
89%
jo 462.3 158.9 Jordan
89%
my 610.3 247.2 Malaysia
89%
mm 597.0 188.5 Myanmar
89%
ye 488.3 208.2 Yemen
89%
bt 584.1 169.4 Bhutan
87%
il 459.0 157.0 Israel
87%
la 610.3 194.9 Laos
87%
sy 467.0 143.0 Syria
87%
vn 624.3 219.9 Vietnam
87%
cy 455.3 143.7 Cyprus
86%
id 635.5 264 Indonesia
86%
ph 657 220.6 Philippines
86%
tw 652.9 182.1 Taiwan
86%
kh 616.0 219.1 Cambodia
85%
lb 461.7 146.8 Lebanon
85%
mv 545.9 248.9 Maldives
85%
tj 545.2 133.5 Tajikistan
85%
tr 460.3 130.6 Turkey
85%
tm 513.0 130.6 Turkmenistan
85%
uz 525 122.5 Uzbekistan
85%
kg 548.0 122.0 Kyrgyzstan
83%
kp 665.7 127 North Korea
83%
sg 614.2 256.7 Singapore
83%
th 608.0 207.9 Thailand
83%
pk 535.7 164.2 Pakistan
82%
lk 562 235.3 Sri Lanka
82%
sa 482.1 179.9 Saudi Arabia
80%
kr 669 139 South Korea
80%
ae 502.0 182.5 United Arab Emirates
79%
No matching quizzes found
Score Distribution
Percent of People with Each Score
Percentile by Number Answered
Your Score History
You have not taken this quiz